Politika multikulturalizmu v Kanade, jej východiská a problémy diplomová práca

Salvato in:
Dettagli Bibliografici
Autore principale: Beseda, Miroslav
Ente Autore: Fakulta medzinárodných vzťahov EU. Katedra medzinárodných politických vzťahov
Altri autori: Márton, Milan
Natura: Libro
Lingua:slovacco
Pubblicazione: Bratislava 2012
Tags: Aggiungi Tag
Nessun Tag, puoi essere il primo ad aggiungerne!!

MARC

LEADER 00000nbm a2200000 4500
001 0152316
005 20161109102027.7
041 0 |a slo 
044 |a SK 
245 1 0 |a Politika multikulturalizmu v Kanade, jej východiská a problémy  |b diplomová práca  |c Miroslav Beseda ; školiteľ: Milan Márton 
264 1 |a Bratislava  |c 2012 
300 |a 69 s. 
100 1 |a Beseda, Miroslav 
700 1 |a Márton, Milan 
710 2 |a Fakulta medzinárodných vzťahov EU. Katedra medzinárodných politických vzťahov